Statistiques concernant Monuments et cimetières par personnalités qui y sont enterrées

Cliquez ici pour prendre le quiz!

Statistiques générales

  • Ce quiz a été pris 22 fois
  • Le résultat moyen est 8 sur 21

Statistiques - réponses

PersonnalitéLocalisationSépulture% Correct
Jim MorrisonParisLe Cimetière du {Père Lachaise}
95%
Marie CurieParisLe Panthéon (Paris)
95%
Victor Emmanuel IIRomeLe Panthéon (Rome)
95%
Un soldat inconnu (France)ParisL'Arc de triomphe
90%
Napoléon IerParisL'Hôtel des Invalides
85%
Louis XVI(Seine-Saint-Denis)La Basilique Saint-Denis
45%
Léonard de Vinci(Indre et Loire)Le Château royal d'Amboise
45%
Jean Paul IIRomeLa Basilique Saint-Pierre
35%
Élisabeth IereLondresL'abbaye de Westminster
30%
ToutânkhamonLouxorLa Vallée des Rois
25%
Frédéric II de PrussePotsdamLe Palais de Sanssouci
25%
L'empereur moghol Shâh JahânAgraLe Taj Mahal
25%
L'amiral NelsonLondresLa Cathédrale Saint-Paul
20%
Cardinal de RichelieuParisLa Chapelle de la Sorbonne
20%
Maximilien de RobespierreParisLes Catacombes de Paris
20%
Michel-AngeFlorenceLa Basilique Santa Croce
15%
Johann StraussVienneLe Cimetière {central de Vienne}
15%
Charles QuintMadridLe Monastère de l'Escurial
15%
Pierre Ier le grandSaint PétersbourgLa Cathédrale Pierre-et-Paul
10%
L'empereur Wilhelm IerBerlinLe Château de Charlottenbourg
10%
L'empereur HirohitoHachiōji (Tokyo)Le Cimetière {impérial Musashi}
10%

Distribution des résultats

Percentile par nombre de réponses

% des personnes avec chaque résultat

Votre développement - résultats

Vous n’avez pas pris ce quiz